Renewable energies / (Record no. 355974)

000 -LEADER
fixed length control field 01248cam a2200325 a 4500
001 - CONTROL NUMBER
control field 15712399
003 - CONTROL NUMBER IDENTIFIER
control field USPCAS-E0
005 - DATE AND TIME OF LATEST TRANSACTION
control field 20180118181419.0
008 - FIXED-LENGTH DATA ELEMENTS--GENERAL INFORMATION
fixed length control field 090424s2009 njuab b 001 0 eng
010 ## - LIBRARY OF CONGRESS CONTROL NUMBER
LC control number 2009017410
020 ## - INTERNATIONAL STANDARD BOOK NUMBER
International Standard Book Number 9781848211353
040 ## - CATALOGING SOURCE
Original cataloging agency DLC
Transcribing agency DLC
Modifying agency DLC
041 1# - LANGUAGE CODE
Language code of text/sound track or separate title eng
Language code of original fre
042 ## - AUTHENTICATION CODE
Authentication code pcc
050 00 - LIBRARY OF CONGRESS CALL NUMBER
Classification number TJ808
Item number .N6913 2009
082 00 - DEWEY DECIMAL CLASSIFICATION NUMBER
Classification number 621.042
Edition number 22
Author Mark REN 2009
130 0# - MAIN ENTRY--UNIFORM TITLE
Uniform title Énergies renouvelables.
Language of a work English
245 10 - TITLE STATEMENT
Title Renewable energies /
Statement of responsibility, etc. edited by Jean-Claude Sabonnadière.
260 ## - PUBLICATION, DISTRIBUTION, ETC.
Place of publication, distribution, etc. Hoboken, NJ :
Name of publisher, distributor, etc. ISTE Ltd/John Wiley & Sons,
Date of publication, distribution, etc. 2009.
300 ## - PHYSICAL DESCRIPTION
Extent xxii, 477 p. :
Other physical details ill., maps ;
Dimensions 24 cm.
500 ## - GENERAL NOTE
General note Originally published: Paris : Hermès science, 2006: under title: Nouvelles technologies de l'énergie, Pt. 1. Énergies renouvelables.
502 ## - DISSERTATION NOTE
Dissertation note .
504 ## - BIBLIOGRAPHY, ETC. NOTE
Bibliography, etc. note Includes bibliographical references and index.
650 #0 - SUBJECT ADDED ENTRY--TOPICAL TERM
Topical term or geographic name entry element Renewable energy sources.
700 1# - ADDED ENTRY--PERSONAL NAME
Personal name Sabonnadière, Jean-Claude
856 42 - ELECTRONIC LOCATION AND ACCESS
Materials specified Publisher description
Uniform Resource Identifier <a href="http://www.loc.gov/catdir/enhancements/fy1003/2009017410-d.html">http://www.loc.gov/catdir/enhancements/fy1003/2009017410-d.html</a>
906 ## - LOCAL DATA ELEMENT F, LDF (RLIN)
a 7
b cbc
c orignew
d 1
e ecip
f 20
g y-gencatlg
942 ## - ADDED ENTRY ELEMENTS (KOHA)
Source of classification or shelving scheme
Koha item type Book
Holdings
Withdrawn status Lost status Source of classification or shelving scheme Damaged status Not for loan Collection code Permanent Location Current Location Shelving location Date acquired Source of acquisition Cost, normal purchase price Total Checkouts Full call number Barcode Date last seen Date last checked out Price effective from Koha item type
            US-Pakistan Center for Advanced Studies in Energy (USPCAS-E) US-Pakistan Center for Advanced Studies in Energy (USPCAS-E)   01/27/2016 Golden books 14497.00 1 621.042 REN 2009 CAS-E0001218 05/13/2016 04/15/2016 01/27/2016 Book
© 2023 Central Library, National University of Sciences and Technology. All Rights Reserved.